000 00217nam a22000857a 4500
008 161026b xxu||||| |||| 00| 0 eng d
100 _9962
_aKhera.S.
245 _aYou Can Win
260 _aGungaon
_bMacmilan Publications
_c2013
999 _c3619
_d3619